Cyberpunk 2077 Gangs Quiz - Statistics

General Stats
  • This quiz has been taken 48 times
  • The average score is 7 of 11
Answer Stats
Answer % Correct
Maelstrom
80%
Valentinos
78%
The Mox
75%
Animals
73%
6th Street
70%
Tyger Claws
68%
Voodoo Boys
68%
Aldecaldos
53%
Scavengers
53%
Barghest
50%
Wraiths
48%
No matching quizzes found
Score Distribution
Percent of People with Each Score
Percentile by Number Answered
Your Score History
You have not taken this quiz